LEADER 01763nam 2200553 450 001 9910465304403321 005 20200520144314.0 010 $a1-4738-4425-8 035 $a(CKB)3710000000746061 035 $a(SSID)ssj0001690635 035 $a(PQKBManifestationID)16539288 035 $a(PQKBTitleCode)TC0001690635 035 $a(PQKBWorkID)15064243 035 $a(PQKB)25078912 035 $a(MiAaPQ)EBC4586462 035 $a(Au-PeEL)EBL4586462 035 $a(CaPaEBR)ebr11235069 035 $a(CaONFJC)MIL962977 035 $a(OCoLC)953661376 035 $a(EXLCZ)993710000000746061 100 $a20160803h20162016 uy 0 101 0 $aeng 135 $aurcnu|||||||| 181 $ctxt 182 $cc 183 $acr 200 10$aRelics of the reich $ethe buildings the Nazis left behind /$fColin Philpott 210 1$aSouth Yorkshire, England :$cPen & Sword Military,$d2016. 210 4$d©2016 215 $a1 online resource (229 pages) $cillustrations, photographs 300 $aBibliographic Level Mode of Issuance: Monograph 311 $a1-4738-4427-4 311 $a1-4738-4424-X 320 $aIncludes bibliographical references. 606 $aArchitecture and society$zGermany$xHistory$y20th century 606 $aNational socialism$xPsychological aspects 607 $aGermany$xHistory$y1933-1945$xHistoriography 608 $aElectronic books. 615 0$aArchitecture and society$xHistory 615 0$aNational socialism$xPsychological aspects. 676 $a720.103094309041 700 $aPhilpott$b Colin$0911404 801 0$bMiAaPQ 801 1$bMiAaPQ 801 2$bMiAaPQ 906 $aBOOK 912 $a9910465304403321 996 $aRelics of the reich$92041105 997 $aUNINA LEADER 01551nam0 2200313 450 001 000028961 005 20220720093101.0 100 $a20120614d1984----km-y0itay50------ba 101 0 $aita 102 $aIT 200 1 $aSicurezza sociale, disavanzo pubblico e risparmio$eil caso italiano$fLucia Vitali 210 $a[S. l.]$c[s. n.]$eRoma$gE. Nicoletti$h1984 215 $a102 p.$d25 cm. 225 2 $aPubblicazioni dell'Istituto di statistica e matematica, Istituto Universitario Navale di Napoli, Facoltą di Economia marittima$v18 300 $aTit. orig.: Social security, public deficit and saving: the economic Environment for the italian private Insurance 410 0$12001$aPubblicazioni dell'Istituto di statistica e matematica, Istituto Universitario Navale di Napoli, Facoltą di Economia marittima$v18 500 10$aSocial security, public deficit and saving: the economic Environment for the italian private Insurance$m<>$941295 610 1 $aSicurezza sociale$aCosti$aItalia 676 $a363.0945$v22$9Altri problemi e servizi sociali. Italia 700 1$aVitali,$bLucia$0125202 801 0$aIT$bUNIPARTHENOPE$c20120614$gRICA$2UNIMARC 912 $a000028961 951 $aCOF 363/18$b25874$cNAVA1 951 $aCOF 363/18 (1)$b25875$cNAVA1 951 $aCOF 363/18 (2)$b25876$cNAVA1 951 $aCOF 363/18 (3)$b25877$cNAVA1 951 $aCOF 363/18 (4)$bs.i.$cNAVA1 996 $aSocial security, public deficit and saving: the economic Environment for the italian private Insurance$941295 997 $aUNIPARTHENOPE